00946nam a22001217a 4500041001200000082001600012100001400028245008700042260002800129300000700157520060100164650005900765 aEnglish a261.2 bRAC aRace Alan a Making sense of religious pluralism : shaping theology of religions for our times aLondon : bSpck, c2013 a98 a Is Christian faith the only or best route to relationship with God? New relationships, shared common action and dialogue between people whose experiences differ are changing the way Christian theologians are thinking about religious pluralism. No longer objects of ridicule or condemnation, world religions are genuine vehicles of spiritual vision, capable of transforming human hearts and minds. It has taken Christian theology many years to come to this point and there is no going back. Alan Race is an outstanding expert in the interreligious field and has, throughout his career and minis. aChristianity and other religions, Religious pluralism.